000 00985cam a22002895i 4500
999 _c3022
_d3022
003 EG-ScBUE
005 20200119092419.0
008 190724s1964 enk f b 001 0 eng d
040 _aEG-ScBUE
_beng
_erda
_cEG-ScBUE
_dEG-ScBUE
082 0 4 _a808.89
_bANT
_222
245 0 0 _aAnthology of Islamic literature :
_bfrom the rise of Islam to modern times /
_cIntroduced and edited by James Kritzeck.
264 1 _aMiddlesex, England :
_bPenguin Books,
_c1964.
300 _a400 pages ;
_b20 cm.
336 _atext
_btxt
_2rdacontent
337 _aunmediated
_bn
_2rdamedia
338 _avolume
_bnc
_2rdacarrier
490 0 _aPelican books ;
_vA648
500 _aDonations.
500 _aDonations - Dr. Mostafa Gouda.
590 _aAml Khaled
650 7 _aIslamic literature.
_2BUEsh
650 7 _aIslamic literature --
_xHistory and criticism.
_2BUEsh
651 _2BUEsh
653 _bHHUUEENN
700 1 _aKritzeck, James,
_eeditor,
_eauthor of introduction, etc.
942 _cBB
_2ddc